TIPS & TRICKS IN FETAL ECHOCARDIOGRAPHY (Record no. 33428)
[ view plain ]
| 000 -LEADER | |
|---|---|
| fixed length control field | 00430nam a22001697a 4500 |
| 003 - CONTROL NUMBER IDENTIFIER | |
| control field | SGT |
| 020 ## - INTERNATIONAL STANDARD BOOK NUMBER | |
| International Standard Book Number | 9789350909607 |
| 082 ## - DEWEY DECIMAL CLASSIFICATION NUMBER | |
| Classification number | 616.12 |
| Item number | T14S |
| 100 ## - MAIN ENTRY--PERSONAL NAME | |
| Personal name | SINGH, KULDEEP |
| 245 ## - TITLE STATEMENT | |
| Title | TIPS & TRICKS IN FETAL ECHOCARDIOGRAPHY |
| 250 ## - EDITION STATEMENT | |
| Edition statement | 1ST |
| 260 ## - PUBLICATION, DISTRIBUTION, ETC. (IMPRINT) | |
| Place of publication, distribution, etc | INDIA |
| Name of publisher, distributor, etc | JAYPEE PUB |
| Year of Publication | 2014 |
| 300 ## - PAGE DESCRIPTION | |
| No. of Pages | 132 |
| 650 ## - SUBJECT ADDED ENTRY--TOPICAL TERM | |
| Topical term or geographic name as entry element | EMERGENCY MEDICINE/CRITICAL CARE |
| 653 ## - KEYWORDS--INDEX TERM | |
| Keyword term | TIPS & TRICKS IN FETAL ECHOCARDIOGRAPHY |
| 942 ## - ADDED ENTRY ELEMENTS (KOHA) | |
| Source of classification or shelving scheme | Dewey Decimal Classification |
| Koha item type | Books |
| Withdrawn status | Lost status | Source of classification or shelving scheme | Damaged status | Not for loan | Collection code | Home library | Current library | Shelving location | Date acquired | Vendor Name | Cost, normal purchase price | SGTU | Bill Number | Full call number | Accession No. (Barcode) | Date last seen | Bill Date | Koha item type | Total Checkouts | Date last borrowed |
|---|---|---|---|---|---|---|---|---|---|---|---|---|---|---|---|---|---|---|---|---|
| Dewey Decimal Classification | Not For Loan | MEDICAL | SGT Medical Library | SGT Medical Library | Text Book | 29/11/2025 | ABC DELHI | 2150.00 | SGTU | 22053 | 616.12 T14S | FM15880 | 22/01/2026 | 29/11/2025 | Books | |||||
| Dewey Decimal Classification | MEDICAL | SGT Medical Library | SGT Medical Library | Text Book | 29/11/2025 | ABC DELHI | 2150.00 | SGTU | 22053 | 616.12 T14S | FM15881 | 13/02/2026 | 29/11/2025 | Books | 1 | 12/02/2026 | ||||
| Dewey Decimal Classification | MEDICAL | SGT Medical Library | SGT Medical Library | Text Book | 29/11/2025 | ABC DELHI | 2150.00 | SGTU | 22053 | 616.12 T14S | FM15882 | 22/01/2026 | 29/11/2025 | Books |